| 000 | 00978cad a22002175a 4500 | ||
|---|---|---|---|
| 001 | L159011 | ||
| 008 | 110118s2015 xxk f 000 0 eng d | ||
| 035 | _a(Sirsi) u159011 | ||
| 041 | 0 | _aeng | |
| 110 | 2 |
_aArcadis _96166 |
|
| 245 | 0 | 0 |
_aSolving the housing crisis _bthe big idea _h[electronic resource] |
| 260 |
_a[S.l.] _bArcadis _c2015 |
||
| 520 | _aProposes creation of a National Housing Service to tackle the housing crisis. The report sets out a 14-step plan of action with the idea of a politically neutral, independent delivery agency at the centre of its recommendations. | ||
| 590 | _aKA | ||
| 650 | 2 | 4 | _aHOUSING |
| 651 | 4 | _aUnited Kingdom | |
| 690 | 2 | 4 |
_aPlanning and development _96259 |
| 690 |
_aResidential property _96266 |
||
| 856 | 4 | 0 |
_uhttps://www.arcadis.com/media/1/C/9/%7B1C9A9E28-4AD5-423B-8792-9F6BAA91B994%7D9390_Housing%20Solutions%20_%20THE%20BIG%20IDEA_LR%20SPREADS.pdf _zView the report free of charge (PDF file) at www.arcadis.com |
| 942 | _n0 | ||
| 999 |
_c115626 _d115626 |
||